10 Protest Books: Fill in the blanks - Statistics

General Stats
  • This quiz has been taken 12 times
  • The average score is 6 of 10
Answer Stats
Author/s Hint Answer % Correct
Richard Gregg The Power of Non-V_______ Violence
100%
Sun Tzu The Art of W__ War
100%
Gene Sharp The Strategy of Nonviolent Direct A_____ Action
73%
Malcolm X and Alex Haley The A____________ of Malcolm X Autobiography
73%
Lynne Olson Freedom's Daughter: The Unsung Heroines of the C____ R______ Movement Civil Rights
55%
Frantz Fanon The Wretched of the E____ Earth
45%
Paulo Freire Pedagogy of the O________ Oppressed
45%
Micah White The End of Protest: A New Playbook for R_________ Revolution
45%
Martin Luther King Jr. Why We Can't W___ Wait
36%
Saul Alinsky Rules for R_______ Radicals
18%
No matching quizzes found
Score Distribution
Percent of People with Each Score
Percentile by Number Answered
Your Score History
You have not taken this quiz